000 00573nam a2200157Ia 4500
008 100204s9999 xx 000 0 und d
082 _b19218
100 _aक्लेमंट कॅथरीन
245 _aएडविना आणि नेहरु
260 _b"मेहता पब्लिशिंग हाऊस , पुणे"
_c1996
300 _a432
630 _aएडविना आणि नेहरु
700 _aवाळिंबे वि. स.
730 _aएडविना आणि नेहरु
942 _cBOOK
999 _c463640
_d463637